000
00309nam a22001217a 4500
999
_c
6059
_d
6059
245
_a
Minerals and Mining Act, 2006 (Act 703)
_c
by Republic of Ghana
246
_a
Act 703
260
_a
Accra
_b
Assembly Press
300
_a
51p.
440
_a
Acts of Parliament
650
_a
Minerals and mining Act
942
_c
REF